A handbook of church public relations / (Record no. 5438)

MARC details
000 -LEADER
fixed length control field 00684cam a2200265Ia 4500
001 - CONTROL NUMBER
control field 862471
003 - CONTROL NUMBER IDENTIFIER
control field OCoLC
005 - DATE AND TIME OF LATEST TRANSACTION
control field 20190103190336.0
008 - FIXED-LENGTH DATA ELEMENTS--GENERAL INFORMATION
fixed length control field 740419s1959 nyu 001 0 eng
010 ## - LIBRARY OF CONGRESS CONTROL NUMBER
LC control number 59008201 //r
035 ## - SYSTEM CONTROL NUMBER
System control number 0340714
040 ## - CATALOGING SOURCE
Original cataloging agency DLC
Transcribing agency PCJ
Modifying agency SLU
050 0# - LIBRARY OF CONGRESS CALL NUMBER
Classification number BV853
Item number .S84
082 ## - DEWEY DECIMAL CLASSIFICATION NUMBER
Classification number 254.4
Item number S882H
090 ## - LOCALLY ASSIGNED LC-TYPE CALL NUMBER (OCLC); LOCAL CALL NUMBER (RLIN)
Classification number (OCLC) (R) ; Classification number, CALL (RLIN) (NR) BV653
Local cutter number (OCLC) ; Book number/undivided call number, CALL (RLIN) .S7
090 00 - LOCALLY ASSIGNED LC-TYPE CALL NUMBER (OCLC); LOCAL CALL NUMBER (RLIN)
Classification number (OCLC) (R) ; Classification number, CALL (RLIN) (NR) BV653
Local cutter number (OCLC) ; Book number/undivided call number, CALL (RLIN) .S7
100 1# - MAIN ENTRY--PERSONAL NAME
Personal name Stoody, Ralph
245 12 - TITLE STATEMENT
Title A handbook of church public relations /
Statement of responsibility, etc. Ralph Stoody
260 ## - PUBLICATION, DISTRIBUTION, ETC.
Place of publication, distribution, etc. New York :
Name of publisher, distributor, etc. Abingdon Press,
Date of publication, distribution, etc. c1959
300 ## - PHYSICAL DESCRIPTION
Extent 255 p. ;
Dimensions 23 cm
500 ## - GENERAL NOTE
General note Includes index
650 #0 - SUBJECT ADDED ENTRY--TOPICAL TERM
Topical term or geographic name entry element Church public relations
740 01 - ADDED ENTRY--UNCONTROLLED RELATED/ANALYTICAL TITLE
Uncontrolled related/analytical title Church public relations
942 ## - ADDED ENTRY ELEMENTS (KOHA)
Source of classification or shelving scheme Dewey Decimal Classification
Koha item type Books
Holdings
Withdrawn status Lost status Source of classification or shelving scheme Damaged status Not for loan Collection code Home library Current library Shelving location Date acquired Cost, normal purchase price Total Checkouts Full call number Barcode Date last seen Price effective from Koha item type
    Dewey Decimal Classification     Non-fiction Harvest Mission College Harvest Mission College General Stacks 03.01.2019 1350.00   254.4 S882H 006181 03.01.2019 03.01.2019 Books

OPAC Designed and Maintained by HMC Library Team.
Copyright © HMC Library,Greater Noida, UP.
For any Suggestions/Query Contact library via Email:libhmc@gmail.com